| 000 | 00366nam a22001457a 4500 | ||
|---|---|---|---|
| 020 | _a9780256114522 | ||
| 040 | _cNust | ||
| 082 |
_a620.103 _bDAS |
||
| 100 |
_aDAS _991510 |
||
| 110 |
_aKassimali, sami _9126105 |
||
| 245 | _aEngineering mechanics statics | ||
| 260 |
_aSydney: _bIRWIN, _c1994. |
||
| 650 |
_aEngineering mechanics statics _962801 |
||
| 942 |
_2ddc _cBK |
||
| 999 |
_c611857 _d611857 |
||